Statistics for Countries of Europe by Languages in 60 Seconds

Click here to take the quiz!

General Stats

  • This quiz has been taken 2,242 times
    (1,702 since last reset)
  • The average score is 39 of 45

Answers on the Map

Answers color-coded by a green-red scale on the quiz's map according to % correct below.
 

Answer Stats

Country% Correct
French, Dutch, GermanBelgium
99%
French, GermanLuxembourg
99%
German, French, Italian, RomanshSwitzerland
99%
Belorussian, RussianBelarus
98%
FrenchFrance
98%
English, IrishIreland
98%
English, MalteseMalta
98%
FrenchMonaco
98%
SpanishSpain
98%
EnglishUnited Kingdom
98%
GermanAustria
97%
GermanGermany
97%
GermanLiechtenstein
97%
RussianRussia
97%
Finnish, SwedishFinland
96%
ItalianItaly
96%
ItalianSan Marino
96%
ItalianVatican City
96%
SwedishSweden
94%
PolishPoland
91%
PortuguesePortugal
89%
DutchNetherlands
87%
GreekGreece
86%
Bosnian, Croatian, SerbianBosnia and
Herzegovina
84%
Romanian (Moldovan)Moldova
84%
DanishDenmark
83%
Albanian, SerbianKosovo
83%
Norwegian, SamiNorway
83%
RomanianRomania
83%
UkrainianUkraine
83%
Czech, SlovakCzech Republic
81%
MontenegrinMontenegro
80%
SerbianSerbia
79%
EstonianEstonia
76%
IcelandicIceland
75%
LatvianLatvia
75%
CroatianCroatia
74%
BulgarianBulgaria
72%
LithuanianLithuania
72%
SlovakSlovakia
71%
HungarianHungary
70%
Macedonian, AlbanianNorth Macedonia
70%
AlbanianAlbania
67%
SloveneSlovenia
64%
CatalanAndorra
53%

Score Distribution

Percentile by Number Answered

Percent of People with Each Score

Your Score History

You have not taken this quiz since the last reset